Ve stínu slunce /
Savojský vévoda Marco Basilio D\'Acaia je na útěku před svým úhlavním nepřítelem a společně s dcerou najdou nové útočiště na zámku Longecourt, kde sídlí jejich přítel Filip Bertrand d\'Crue, markýz z Dijonu, jeden z nejbližších poradců francouzského krále. Před lety se však místo stalo tak...
Uloženo v:
| Hlavní autor: | |
|---|---|
| Médium: | E-kniha |
| Jazyk: | Czech |
| Vydáno: |
Praha :
Petra Nachtmanová,
2024
|
| Tagy: |
Žádné tagy |
| LEADER | 02139nam a22002297i 4500 | ||
|---|---|---|---|
| 001 | 312283 | ||
| 007 | ta | ||
| 008 | 260601s2024 xr ||||| |||| 00| 0 cze d | ||
| 020 | |a 9990003961853 | ||
| 044 | |a xr | ||
| 100 | 1 | |a Kanakaredes, Victoria |4 aut | |
| 245 | 1 | 0 | |a Ve stínu slunce / |c Kanakaredes, Victoria |
| 264 | 1 | |a Praha : |b Petra Nachtmanová, |c 2024 | |
| 300 | |a 1 online zdroj (480 stran) | ||
| 336 | |a text |b txt |2 rdacontent | ||
| 337 | |a bez média |b n |2 rdamedia | ||
| 338 | |a online zdroj |b cr |2 rdacarrier | ||
| 520 | 2 | |a Savojský vévoda Marco Basilio D\'Acaia je na útěku před svým úhlavním nepřítelem a společně s dcerou najdou nové útočiště na zámku Longecourt, kde sídlí jejich přítel Filip Bertrand d\'Crue, markýz z Dijonu, jeden z nejbližších poradců francouzského krále. Před lety se však místo stalo také úkrytem pro dva urozené sourozence, kteří nevnímají nově příchozí jako přátele. Marco neřeší pouze nepřátelská hrabata, ale také rozmary své dospívající dcery a nepovzbudivé zprávy od sestřenice Cornélie. Když si Filipa k sobě povolá samotný král Ludvík XV., podezření se ukážou být mnohem závažnějšími, než se zdálo. Nejbližší společníci koruny se ocitli pod vlivem neteře Ludvíka, princezny de Condé. Skutečná identita její tajemné blízké přítelkyně vzbudí velké obavy, zrovna tak i markýz Le Gray, jehož spojenci ovlivňují dění nejen na královském dvoře ve Versailles, ale i v Londýně. Obě mocná království proti sobě začínají opětovně obracet hlavně zbraní. A posléze se odhalí mnohá další tajemství. Román z období vlády krále Ludvíka XV., odhalení skryté pravdy vnitřních bojů o moc v království. | |
| 910 | |a RBIT002 | ||
| 998 | |d 396185 |a https://core.palmknihy.cz/api/books/396185/cover?s8fjds |b https://core.palmknihy.cz/api/books/396185/cover/400?s8fjds |c https://core.palmknihy.cz/api/books/396185/cover/50?s8fjds |e |g 480 |i 9990003961853 |j https://core.palmknihy.cz/api/books/396185/preview.epub |l |q 49 |r 1 |s https://www.palmknihy.cz/kniha/396185 |t ebook |y 2024 |z 1 | ||
| 999 | |d 312281 | ||